LEADER 01624nam a2200229 i 4500 001 000000249839 003 CaOOAMICUS 005 20160627000000.0 008 160627s1722 it u000 u lat u 013 $a228744 026 $ao-d- e?a- o-a. dedi (3) 1722 (R) 040 $aSeMil$bita 245 10$aTomus 10. 300 $a[16], 359, [1] p. 500 $aSegn. : a8 A-V8 X-Y10. - Lascito Card. C.M. Martini. 500 $aMarca editoriale: Aquila bicipite con una corona tra le due teste. In una cornice vegetale; in basso al centro iniziali PB intrecciate simmetricamente (Repertorio consultato: Marte, BNC Roma). 773 0 $aPignatelli, Giacomo <1625-1698>$tJacobi Pignatelli ... Consultationum canonicarum. Tomus 1. [-11] in quo praecipuae controversiae de iis, quae ad sanctorum canonizationem, ac sacros ritus; ad sac. Concilium Tridentinum; ad episcopos, & regulares; ad immunitatem, libertatem, ... Opus omnibus utriusque fori judicibus, juriconsultis ac politici studii mmystis, in primisque summorum pontificum, & rerumpublicanarum consiliariis, & advocatis utile plane ac necessarium. Cum duplici indice, altero consultationum ... altero rerum notabilium ex pluribus in unum generalem coacto, singularique volumine comprehenso.$bEditio quarta veneta summo studio recognita, multis in locis aucta, & a mendis repurgata.$dVenetiis : Ex Typographia Balleoniana, 1722.$g10$w()5383 850 $aSeMil 852 $aSeMil$W1$xVenegono$y1$m2J VI 79 FA$j200185$B200185$CSeMilBibl$Z2$F211735 $8I 941 1 $a4 961 $aLascito: Martini Card. Carlo Maria 996 $6245$aTomus 10$9(OLS)http://semarc/title/308144 LEADER 01368nam a2200241 i 4500 001 000000047372 003 CaOOAMICUS 005 20120314000000.0 008 120314s1936 it u000 u ita u 013 $a18542 040 $aSeMil$bita 100 1 $aSantini, Pietro.$0(OLS)http://semarc/name/23550 245 13$aIl primato e l'infallibilitą del Romano Pontefice in S. Leone Magno e gli scrittori greco-russi /$cSac. Pietro Santini ; Con lettera del Rev.mo P. Martino Jugie A. A. Professore nel Pontificio Ateneo del Seminario Romano. 260 $aGrottaferrata (Roma) :$bScuola Tipografica Italo-Orientale «S. Nilo»,$c1936. 300 $aXIX, 112 p. ;$c25 cm. 600 04$aLeone : Magno .$0(OLS)http://semarc/subject/1640 650 4$aPietro - Primato.$0(OLS)http://semarc/subject/4313 650 4$aPapato - Infallibilitą.$0(OLS)http://semarc/subject/8957 700 1 $aJugie, Martin .$0(OLS)http://semarc/name/90166 850 $aSeMil 852 $aSeMil$W1$xVenegono$y1$m2C IV 73$j13527$B13527$CSeMilBibl$Z2$F13527 $81 996 $6245$aIl primato e l'infallibilitą del Romano Pontefice in S. Leone Magno e gli scrittori greco-russi$9(OLS)http://semarc/title/71346 996 $6260$aGrottaferrata (Roma) :$bScuola Tipografica Italo-Orientale «S. Nilo»$9(OLS)http://semarc/publisher/30509